Associez la chanson à l'album - Billie Eilish - Statistiques

Statistiques générales
  • Ce quiz a été pris 764 fois
  • Le résultat moyen est 21 sur 25
Statistiques - réponses
Hint Réponse % Correct
Birds of a feather Hit me hard and soft
94%
Lunch Hit me hard and soft
93%
Wildflower Hit me hard and soft
92%
L'amour de ma vie Hit me hard and soft
92%
Skinny Hit me hard and soft
89%
Bittersuite Hit me hard and soft
88%
Billie bossa nova Happier than ever
86%
Getting older Happier than ever
86%
Bury a friend When We All Fall Asleep, Where Do We Go?
86%
Bellyache Don't smile at me
85%
Watch Don't smile at me
84%
When the party's over When We All Fall Asleep, Where Do We Go?
84%
The 30th Guitar songs
83%
TV Guitar songs
83%
My boy Don't smile at me
82%
My strange addiction When We All Fall Asleep, Where Do We Go?
82%
Bad guy When We All Fall Asleep, Where Do We Go?
81%
Ocean eyes Don't smile at me
80%
Lost cause Happier than ever
80%
Ilomilo When We All Fall Asleep, Where Do We Go?
80%
Xanny When We All Fall Asleep, Where Do We Go?
79%
Oxytocin Happier than ever
78%
Hostage Don't smile at me
77%
Therefore I am Happier than ever
77%
I didn't change my number Happier than ever
76%
Aucun quiz correspondant
Distribution des résultats
% des personnes avec chaque résultat
Percentile par nombre de réponses
Votre historique - résultats
Vous n’avez pas pris ce quiz